Statistics for Countries With Stars On Their Flag

Click here to take the quiz!

General Stats

  • This quiz has been taken 53 times
    (16 since last reset)
  • The average score is 39 of 67

Answer Stats

Continent Country % Correct
AsiaChina
86%
North AmericaUnited States of America
86%
OceaniaAustralia
86%
South AmericaBrazil
86%
OceaniaNew Zealand
86%
AfricaGhana
79%
OceaniaSamoa
79%
AsiaVietnam
79%
South AmericaChile
71%
AfricaBurundi
71%
AfricaD.R. Congo
71%
AsiaTurkey
71%
AsiaIsrael
71%
OceaniaFed. States of Micronesia
71%
AfricaSão Tomé & Príncipe
64%
AfricaSouth Sudan
64%
AfricaTogo
64%
AfricaTunisia
64%
OceaniaNauru
64%
OceaniaMarshall Islands
64%
AsiaMalaysia
64%
AfricaLiberia
64%
AfricaAlgeria
64%
North AmericaDominica
64%
AfricaCentral African Republic
64%
North AmericaCuba
64%
AfricaCameroon
64%
North AmericaGrenada
57%
AfricaGuinea-Bissau
57%
AsiaSyria
57%
AsiaNepal
57%
AsiaMyanmar
57%
AfricaMorocco
57%
AfricaSenegal
57%
EuropeBosnia and Herzegovina
57%
AfricaLibya
57%
OceaniaSolomon Islands
57%
North AmericaSaint Kitts and Nevis
57%
AfricaBurkina Faso
57%
AfricaSomalia
50%
AfricaComoros
50%
AfricaCape Verde
50%
EuropeCroatia
50%
South AmericaParaguay
50%
North AmericaPanama
50%
OceaniaTuvalu
50%
AsiaNorth Korea
50%
AsiaAzerbaijan
50%
AsiaEast Timor
50%
AfricaEquatorial Guinea
50%
AfricaEthiopia
50%
South AmericaVenezuela
50%
South AmericaSuriname
50%
AsiaTajikistan
43%
South AmericaUruguay
43%
AsiaUzbekistan
43%
AfricaRwanda
43%
AsiaSingapore
43%
AsiaPhilippines
43%
AfricaDjibouti
43%
EuropeKosovo
43%
AsiaJordan
43%
North AmericaHonduras
43%
OceaniaPapua New Guinea
36%
AsiaPakistan
36%
AfricaMauritania
36%
EuropeSlovenia
14%

Score Distribution

Percentile by Number Answered

Percent of People with Each Score

Your Score History

You have not taken this quiz since the last reset